[Event "ESP-ch FEDC 28th"]
[Site "Ubeda"]
[Date "2019.11.22"]
[Round "4"]
[White "Garcia Rodriguez, Florencio"]
[Black "Rodriguez Gonzalez, Jaime"]
[Result "1-0"]
[WhiteElo "1745"]
[BlackElo "1526"]
[PlyCount "101"]
[EventDate "2019.11.19"]
[EventType "swiss"]
[EventRounds "8"]
[EventCountry "ESP"]
[SourceTitle "EXT 2024"]
[Source "ChessBase"]
[SourceDate "2023.10.10"]
[SourceVersion "1"]
[SourceVersionDate "2023.10.10"]
[SourceQuality "1"]

1. Nf3 d5 2. g3 Nc6 3. Bg2 e5 4. d3 Nf6 5. 0-0 Be7 6. b3 b6 7. Nbd2 Bb7 8. c4 0-0 9. Bb2 Bd6 10. cxd5 Nxd5 11. Nc4 Re8 12. Nfd2 Nf6 13. Nxd6 cxd6 14. Ba3 d5 15. Rc1 Rc8 16. Bb2 Nb4 17. a3 Nc6 18. Nf3 e4 19. dxe4 dxe4 20. Qxd8 Nxd8 21. Bxf6 gxf6 22. Nd4 Ba6 23. Rxc8 Bxc8 24. e3 Ne6 25. Nf5 Ba6 26. Rc1 Nc5 27. Rc3 h5 28. b4 Ne6 29. Bxe4 Kf8 30. Bg2 Rd8 31. h4 Bd3 32. e4 Be2 33. Ne3 Kg7 34. Nd5 Ba6 35. Nc7 Rd1+ 36. Kh2 Nxc7 37. Rxc7 Ra1 38. Rxa7 Rxa3 39. Bf1 Ra4 40. Rxa6 Rxb4 41. Kg2 Rxe4 42. Rxb6 Re5 43. Kf3 Rc5 44. Rb3 Rf5+ 45. Kg2 Re5 46. Rb5 Kg6 47. Rxe5 fxe5 48. Be2 e4 49. f4 Kf5 50. Bxh5 Kf6 51. Kf2 1-0

[Event "ESP-ch FEDC 27th"]
[Site "Almunecar"]
[Date "2018.12.02"]
[Round "7"]
[White "Garcia Andrinal, Antonio"]
[Black "Garcia Rodriguez, Florencio"]
[Result "0-1"]
[WhiteElo "1657"]
[BlackElo "1758"]
[PlyCount "54"]
[EventDate "2018.11.26"]
[EventType "swiss"]
[EventRounds "8"]
[EventCountry "ESP"]
[SourceTitle "EXT 2024"]
[Source "ChessBase"]
[SourceDate "2023.10.10"]
[SourceVersion "1"]
[SourceVersionDate "2023.10.10"]
[SourceQuality "1"]

1. e4 c5 2. Nf3 g6 3. d4 cxd4 4. Nxd4 Nc6 5. Nc3 Bg7 6. Be3 Nf6 7. Bc4 Qa5 8. Nb3 Qb4 9. Qe2 Nxe4 10. 0-0 Nxc3 11. bxc3 Qxc3 12. Rfe1 0-0 13. Rad1 d6 14. Rd3 Qxc4 15. Red1 Bf5 16. R3d2 Qxe2 17. Rxe2 Nb4 18. Nd4 Bd7 19. a3 Nd5 20. Bc1 e5 21. Nf3 Nc3 22. Red2 Nxd1 23. Rxd1 Rfd8 24. Be3 Bg4 25. Rd2 Bxf3 26. gxf3 b6 27. Rd5 Rac8 0-1

[Event "Almunecar FEDC op 21th"]
[Site "Almunecar"]
[Date "2018.10.06"]
[Round "5"]
[White "Garcia Rodriguez, Florencio"]
[Black "Delgado Lagares, Francisco Javier"]
[Result "1-0"]
[WhiteElo "1725"]
[BlackElo "1751"]
[PlyCount "78"]
[EventDate "2018.10.02"]
[EventType "swiss"]
[EventRounds "7"]
[EventCountry "ESP"]
[SourceTitle "EXT 2024"]
[Source "ChessBase"]
[SourceDate "2023.10.10"]
[SourceVersion "1"]
[SourceVersionDate "2023.10.10"]
[SourceQuality "1"]

1. Nf3 d6 2. d4 Nd7 3. g3 g6 4. b3 Bg7 5. Bb2 Ngf6 6. Bg2 0-0 7. 0-0 c6 8. Nbd2 Re8 9. e4 e5 10. dxe5 Nxe5 11. Nxe5 dxe5 12. Nc4 Qc7 13. Qd6 Qxd6 14. Nxd6 Re7 15. Rad1 Ne8 16. Nxc8 Rxc8 17. Rd3 Nc7 18. Rfd1 f6 19. Ba3 Rf7 20. Bh3 Ra8 21. Rd7 Rxd7 22. Rxd7 Nb5 23. Bb2 c5 24. c3 Bf8 25. Rxb7 Nd6 26. Rc7 Nxe4 27. Be6+ Kh8 28. Bd5 Rd8 29. Bxe4 Rd2 30. Ba3 Rxa2 31. Bxc5 Bxc5 32. Rxc5 Kg7 33. g4 a5 34. Rd5 h5 35. gxh5 gxh5 36. c4 a4 37. bxa4 Rxa4 38. Rd7+ Kh6 39. h4 Rxc4 1-0

[Event "Almunecar FEDC op 21th"]
[Site "Almunecar"]
[Date "2018.10.05"]
[Round "4"]
[White "Menendez Solar, Jose Carlos"]
[Black "Garcia Rodriguez, Florencio"]
[Result "1/2-1/2"]
[WhiteElo "1809"]
[BlackElo "1725"]
[PlyCount "81"]
[EventDate "2018.10.02"]
[EventType "swiss"]
[EventRounds "7"]
[EventCountry "ESP"]
[SourceTitle "EXT 2024"]
[Source "ChessBase"]
[SourceDate "2023.10.10"]
[SourceVersion "1"]
[SourceVersionDate "2023.10.10"]
[SourceQuality "1"]

1. d4 d5 2. c4 e6 3. Nc3 Nf6 4. cxd5 exd5 5. Bg5 Be7 6. e3 c6 7. Bd3 Nbd7 8. Qc2 0-0 9. Nf3 Re8 10. h3 Nf8 11. 0-0-0 Ne4 12. Bxe7 Qxe7 13. g4 Nxc3 14. Qxc3 a5 15. Kb1 Qf6 16. Ne5 Nd7 17. f4 Nxe5 18. dxe5 Qe7 19. Qc2 Qh4 20. e4 dxe4 21. Bxe4 Be6 22. f5 Bc8 23. Qc3 Qe7 24. f6 Qb4 25. Qxb4 axb4 26. Rhe1 Be6 27. b3 Rad8 28. Kc2 h5 29. gxh5 Rxd1 30. Rxd1 gxf6 31. exf6 Bxb3+ 32. Kxb3 Rxe4 33. Rd8+ Kh7 34. Rd7 Kg8 35. Rxb7 Re6 36. Kxb4 Rxf6 37. a4 Rf1 38. Rb6 Rb1+ 39. Kc5 Ra1 40. Kb4 Rb1+ 41. Kc5 1/2-1/2

[Event "Almunecar FEDC op 21th"]
[Site "Almunecar"]
[Date "2018.10.03"]
[Round "2"]
[White "Garcia Rodriguez, Florencio"]
[Black "Martinez Martinez, Juan Antonio"]
[Result "1-0"]
[WhiteElo "1725"]
[BlackElo "1574"]
[PlyCount "87"]
[EventDate "2018.10.02"]
[EventType "swiss"]
[EventRounds "7"]
[EventCountry "ESP"]
[SourceTitle "EXT 2024"]
[Source "ChessBase"]
[SourceDate "2023.10.10"]
[SourceVersion "1"]
[SourceVersionDate "2023.10.10"]
[SourceQuality "1"]

1. Nf3 Nc6 2. g3 d5 3. Bg2 Nf6 4. b3 e5 5. d3 Bb4+ 6. c3 Ba5 7. 0-0 0-0 8. Bb2 Bb6 9. c4 e4 10. Ne1 e3 11. f3 Be6 12. Na3 Qd7 13. Nac2 Bh3 14. b4 dxc4 15. dxc4 Qxd1 16. Rxd1 Bxg2 17. Kxg2 a5 18. c5 Ba7 19. b5 Nb4 20. Nxb4 axb4 21. Bxf6 gxf6 22. Nd3 Rfd8 23. Rc1 Bb8 24. Nxb4 Rd2 25. Rfe1 Ra4 26. Rb1 Ba7 27. b6 cxb6 28. cxb6 Bxb6 29. Nd3 Ra6 30. f4 Ba5 31. Nc5 Rb6 32. Nb3 Bb4 33. Nxd2 exd2 34. Red1 Kg7 35. Rxd2 Bc5 36. Rxb6 Bxb6 37. Rb2 Bd4 38. Rxb7 Kg6 39. a4 Kf5 40. a5 Ke6 41. a6 Kd6 42. a7 Bxa7 43. Rxa7 Ke6 44. Kf3 1-0

[Event "Almunecar FEDC op 21th"]
[Site "Almunecar"]
[Date "2018.10.02"]
[Round "1"]
[White "Martinez Perez, Carlos"]
[Black "Garcia Rodriguez, Florencio"]
[Result "0-1"]
[WhiteElo "1362"]
[BlackElo "1725"]
[PlyCount "65"]
[EventDate "2018.10.02"]
[EventType "swiss"]
[EventRounds "7"]
[EventCountry "ESP"]
[SourceTitle "EXT 2024"]
[Source "ChessBase"]
[SourceDate "2023.10.10"]
[SourceVersion "1"]
[SourceVersionDate "2023.10.10"]
[SourceQuality "1"]

1. e4 c5 2. Nf3 g6 3. Bc4 Bg7 4. d3 Nc6 5. Bb3 Nf6 6. Nc3 0-0 7. 0-0 d6 8. h3 a6 9. a4 Nd7 10. Rb1 Nde5 11. Nxe5 Nxe5 12. Be3 Nc6 13. Ne2 Bd7 14. c3 b5 15. axb5 axb5 16. d4 c4 17. Bc2 b4 18. b3 bxc3 19. Nxc3 Qa5 20. Qd2 cxb3 21. Bxb3 Rfb8 22. Rfd1 Qa3 23. Bc4 Na5 24. Be2 Rxb1 25. Rxb1 e6 26. Qb2 Qxb2 27. Rxb2 Nc6 28. Rd2 Ra5 29. Bf3 e5 30. d5 Nd4 31. Be2 Ra1+ 32. Kh2 Ra3 33. Nd1 0-1

[Event "Benidorm FEDC op 20th"]
[Site "Benidorm"]
[Date "2018.06.13"]
[Round "4"]
[White "Garcia Rodriguez, Florencio"]
[Black "Miramon Borragan, Gustavo"]
[Result "1-0"]
[WhiteElo "1745"]
[BlackElo "1585"]
[PlyCount "91"]
[EventDate "2018.06.10"]
[EventType "swiss"]
[EventRounds "7"]
[EventCountry "ESP"]
[SourceTitle "CBM 184 Extra"]
[Source "ChessBase"]
[SourceDate "2018.06.28"]
[SourceVersion "1"]
[SourceVersionDate "2018.06.28"]
[SourceQuality "1"]

1. Nf3 d5 2. g3 Nf6 3. Bg2 c6 4. b3 e6 5. Bb2 Be7 6. 0-0 0-0 7. d3 Nbd7 8. Nbd2 b5 9. c4 bxc4 10. dxc4 Rb8 11. Rc1 a6 12. Nd4 Bb7 13. cxd5 cxd5 14. Nc6 Bxc6 15. Rxc6 Rb6 16. Rxb6 Qxb6 17. Qc2 Qa5 18. Rd1 Ba3 19. Bxa3 Qxa3 20. Nf3 h6 21. e3 Ne4 22. Nd2 Nxd2 23. Rxd2 Nf6 24. Rd4 Qa5 25. b4 Qb6 26. a3 e5 27. Rd1 e4 28. Rc1 Qb5 29. Bf1 Qb6 30. Qc6 Rb8 31. Qxb6 Rxb6 32. Rc8+ Kh7 33. Ra8 Kg6 34. Rxa6 Nd7 35. Rxb6+ Nxb6 36. Bb5 Kf6 37. a4 Ke5 38. a5 Na8 39. Be8 f6 40. b5 Nc7 41. b6 Na6 42. Bb5 Nb8 43. a6 Nxa6 44. Bxa6 Kd6 45. Bb7 Kc5 46. Bxd5 1-0

[Event "Benidorm FEDC op 20th"]
[Site "Benidorm"]
[Date "2018.06.12"]
[Round "3"]
[White "Garcia Diaz, Jose"]
[Black "Garcia Rodriguez, Florencio"]
[Result "0-1"]
[WhiteElo "1515"]
[BlackElo "1745"]
[PlyCount "76"]
[EventDate "2018.06.10"]
[EventType "swiss"]
[EventRounds "7"]
[EventCountry "ESP"]
[SourceTitle "CBM 184 Extra"]
[Source "ChessBase"]
[SourceDate "2018.06.28"]
[SourceVersion "1"]
[SourceVersionDate "2018.06.28"]
[SourceQuality "1"]

1. e4 c5 2. Nf3 g6 3. d4 cxd4 4. Nxd4 Bg7 5. c3 Nc6 6. Be3 Nf6 7. Nxc6 bxc6 8. f3 0-0 9. Bc4 d5 10. exd5 Nxd5 11. Bxd5 Qxd5 12. Qxd5 cxd5 13. f4 a5 14. 0-0 Rb8 15. Rf2 Ba6 16. h3 Rfc8 17. Na3 e6 18. Bd4 Bxd4 19. cxd4 Rb4 20. Rd1 a4 21. Rdd2 Bc4 22. Rc2 Ba6 23. Rxc8+ Bxc8 24. Rd2 Ba6 25. Kf2 Bc4 26. Nxc4 Rxc4 27. b3 Rb4 28. Rd3 Kf8 29. a3 Rxb3 30. Ke2 Rb2+ 31. Kf3 Ke7 32. g4 Kf6 33. h4 h6 34. g5+ hxg5 35. fxg5+ Kf5 36. Re3 Rb3 37. Ke2 Rxe3+ 38. Kxe3 Kg4 0-1

[Event "Benidorm op 18th"]
[Site "Benidorm"]
[Date "2017.06.16"]
[Round "6"]
[White "Parreno Cueto, Andres"]
[Black "Garcia Rodriguez, Florencio"]
[Result "0-1"]
[WhiteElo "1777"]
[BlackElo "1759"]
[PlyCount "114"]
[EventDate "2017.06.11"]
[EventType "swiss"]
[EventRounds "7"]
[EventCountry "ESP"]
[SourceTitle "EXT 2018"]
[Source "ChessBase"]
[SourceDate "2017.10.13"]
[SourceVersion "1"]
[SourceVersionDate "2017.10.13"]
[SourceQuality "1"]

1. d4 Nf6 2. Nf3 d5 3. c4 e6 4. Nc3 Be7 5. e3 0-0 6. Bd3 dxc4 7. Bxc4 c5 8. 0-0 Nc6 9. a3 cxd4 10. exd4 a6 11. Qd3 b5 12. Bb3 b4 13. Ne2 a5 14. Bc2 Ba6 15. Qd2 Qb6 16. Rd1 Rfd8 17. Bd3 Bxd3 18. Qxd3 e5 19. Qc4 exd4 20. Nexd4 Nxd4 21. Nxd4 Rac8 22. Qd3 Bc5 23. Be3 Ng4 24. axb4 Bxb4 25. Bg5 Rd7 26. h3 h6 27. Bh4 g5 28. Bg3 Rcd8 29. hxg4 Rxd4 30. Qc2 Rxd1+ 31. Rxd1 Rxd1+ 32. Qxd1 Qe6 33. Qd8+ Kh7 34. Qd3+ Kg8 35. Kh2 Qg6 36. Qd8+ Kh7 37. Be5 Qg8 38. Qxg8+ Kxg8 39. Kg3 Kh7 40. Kf3 Kg6 41. Ke4 a4 42. Kd3 a3 43. b3 a2 44. Kc2 Bd6 45. Ba1 Ba3 46. Bb2 Bb4 47. Kd3 f5 48. gxf5+ Kxf5 49. Kc4 Ba3 50. Ba1 h5 51. b4 g4 52. Kb3 Bc1 53. Kxa2 h4 54. b5 h3 55. gxh3 gxh3 56. b6 Bf4 57. b7 h2 0-1

[Event "Benidorm op 18th"]
[Site "Benidorm"]
[Date "2017.06.13"]
[Round "3"]
[White "Martinez Morina, Manel"]
[Black "Garcia Rodriguez, Florencio"]
[Result "0-1"]
[WhiteElo "1696"]
[BlackElo "1759"]
[PlyCount "59"]
[EventDate "2017.06.11"]
[EventType "swiss"]
[EventRounds "7"]
[EventCountry "ESP"]
[SourceTitle "EXT 2018"]
[Source "ChessBase"]
[SourceDate "2017.10.13"]
[SourceVersion "1"]
[SourceVersionDate "2017.10.13"]
[SourceQuality "1"]

1. e4 c5 2. Nc3 Nc6 3. Bb5 g6 4. Bxc6 bxc6 5. f4 d6 6. Nf3 Bg7 7. 0-0 Nf6 8. d3 0-0 9. Qe1 Rb8 10. b3 Nh5 11. g3 Nf6 12. Bb2 Re8 13. Na4 Qc7 14. c4 Bd7 15. Kg2 Qc8 16. Ng1 h5 17. h3 Kh7 18. Nc3 Ng8 19. Qe2 Bd4 20. f5 Nf6 21. g4 hxg4 22. hxg4 Kg7 23. Qf3 gxf5 24. exf5 Rg8 25. Nh3 Nxg4 26. Kh1 Kf8 27. Nd1 Nf6 28. Bxd4 cxd4 29. Rc1 c5 30. Rc2 0-1

[Event "Benidorm FEDC op 16th"]
[Site "Benidorm"]
[Date "2016.06.14"]
[Round "3.7"]
[White "Garcia Rodriguez, Florencio"]
[Black "Martinez Morina, Manel"]
[Result "0-1"]
[WhiteElo "1775"]
[BlackElo "1703"]
[PlyCount "150"]
[EventDate "2016.06.12"]
[EventType "swiss"]
[EventRounds "7"]
[EventCountry "ESP"]
[SourceTitle "EXT 2024"]
[Source "ChessBase"]
[SourceDate "2023.10.10"]
[SourceVersion "1"]
[SourceVersionDate "2023.10.10"]
[SourceQuality "1"]

1. e4 d5 2. exd5 Nf6 3. d4 Bg4 4. Nf3 Qxd5 5. Be2 Nc6 6. c4 Qa5+ 7. Bd2 Qf5 8. h3 Bxf3 9. Bxf3 Qe6+ 10. Be3 Qxc4 11. Nd2 Qe6 12. 0-0 Qd7 13. Rc1 e6 14. Qb3 Nd8 15. Nc4 Be7 16. Ne5 Qc8 17. d5 exd5 18. Bxd5 Nxd5 19. Qxd5 0-0 20. Qb3 Qe6 21. Qxe6 Nxe6 22. b3 c6 23. Rfd1 Rfd8 24. Rxd8+ Rxd8 25. Kf1 Bg5 26. Bxg5 Nxg5 27. Nc4 Kf8 28. Na5 Rd7 29. Nc4 Ne4 30. Ke2 Nf6 31. Rc2 Nd5 32. g3 f6 33. Kf3 Kf7 34. Ke2 Ne7 35. Kf3 Rd5 36. Kg2 Nf5 37. Rb2 Nd6 38. Nxd6+ Rxd6 39. Re2 Re6 40. Kf3 Rd6 41. Rc2 Ke7 42. Re2+ Kd7 43. Kg2 a5 44. Rc2 b5 45. Re2 Rd4 46. Rc2 a4 47. bxa4 Rxa4 48. Rd2+ Ke6 49. Kf1 Re4 50. Rc2 Kd6 51. Rd2+ Kc7 52. Rc2 Re5 53. Rb2 Kb6 54. Rd2 Re6 55. Rd8 h5 56. a3 Kc5 57. g4 hxg4 58. hxg4 Rd6 59. Rg8 g5 60. Ke2 Kd4 61. Rb8 Kc3 62. Ke3 Rd3+ 63. Ke4 Rd4+ 64. Ke3 Rxg4 65. Rc8 Rc4 66. Rg8 Rf4 67. Rc8 Kb3 68. Rxc6 Kxa3 69. Ra6+ Kb3 70. Rb6 b4 71. Rc6 Kb2 72. Rb6 b3 73. Rc6 Ka2 74. Ra6+ Kb1 75. Rb6 b2 0-1

[Event "FEDC Cup Div/1 16th"]
[Site "Cambrils"]
[Date "2015.11.28"]
[Round "7.2"]
[White "Pimienta Sanchez, Manuel"]
[Black "Garcia Rodriguez, Florencio"]
[Result "0-1"]
[WhiteElo "1845"]
[BlackElo "1795"]
[PlyCount "92"]
[EventDate "2015.11.22"]
[EventType "team-tourn"]
[EventRounds "7"]
[EventCountry "ESP"]
[SourceTitle "CBM 169 Extra"]
[Source "ChessBase"]
[SourceDate "2015.12.18"]
[SourceVersion "1"]
[SourceVersionDate "2015.12.18"]
[SourceQuality "1"]
[WhiteTeam "Barcelona"]
[BlackTeam "Madrid"]
[WhiteTeamCountry "ESP"]
[BlackTeamCountry "ESP"]

1. d4 d5 2. c4 c6 3. Nc3 Nf6 4. Nf3 g6 5. Bf4 Bg7 6. h3 0-0 7. e3 Na6 8. cxd5 Nxd5 9. Bg3 Qa5 10. Qd2 Nab4 11. Bc4 Nxc3 12. bxc3 Nd5 13. Rc1 Nf6 14. Bd3 Bf5 15. Bxf5 Qxf5 16. Qb2 Qd3 17. Ne5 Qa6 18. f3 Nd5 19. Nd7 Rfd8 20. Nc5 Qb6 21. Qe2 Bh6 22. Bf2 Qb5 23. Qxb5 cxb5 24. Ke2 b6 25. Ne4 f5 26. Nd2 Rac8 27. Kd3 e5 28. g3 f4 29. gxf4 exd4 30. cxd4 Nb4+ 31. Ke2 Nxa2 32. Rxc8 Rxc8 33. Kd3 a5 34. Ne4 Nb4+ 35. Kd2 Rc2+ 36. Kd1 Ra2 37. Be1 Nd5 38. Nd2 Nxe3+ 39. Ke2 Nc4 40. Kd3 Bxf4 41. Nxc4 bxc4+ 42. Kxc4 Ra1 43. d5 Bg3 44. Rg1 Bxe1 45. d6 Ra4+ 46. Kd5 Bh4 0-1

[Event "Benidorm Ciegos-ch 15th"]
[Site "Benidorm"]
[Date "2015.06.09"]
[Round "3"]
[White "Garcia Rodriguez, Florencio"]
[Black "Garcia Cervigon, Juan Pablo"]
[Result "1-0"]
[WhiteElo "1785"]
[BlackElo "1706"]
[PlyCount "82"]
[EventDate "2015.06.07"]
[EventType "swiss"]
[EventRounds "7"]
[EventCountry "ESP"]
[SourceTitle "CBM 167 Extra"]
[Source "ChessBase"]
[SourceDate "2015.09.14"]
[SourceVersion "1"]
[SourceVersionDate "2015.09.14"]
[SourceQuality "1"]

1. e4 c5 2. Nf3 d6 3. Bd3 Nc6 4. c3 a6 5. 0-0 Bg4 6. Be2 e6 7. d4 Be7 8. h3 Bh5 9. Bf4 Nf6 10. d5 exd5 11. exd5 Bxf3 12. Bxf3 Ne5 13. Bxe5 dxe5 14. c4 Bd6 15. Nc3 0-0 16. Qc2 Ra7 17. Qf5 b6 18. Rfe1 Re7 19. Be4 Qd7 20. Qxd7 Rxd7 21. Rad1 Rdd8 22. Bc2 h5 23. Ba4 Ne8 24. Ne4 f6 25. Nc3 Nc7 26. Bc6 f5 27. a4 a5 28. Ne2 g6 29. Kf1 Kg7 30. Ng1 Kf6 31. h4 g5 32. hxg5+ Kxg5 33. Re3 Kf6 34. Rh3 Rh8 35. Ne2 Rdg8 36. Ng3 Rg5 37. Ke2 Kg6 38. Nf1 Rxg2 39. Ne3 Rg5 40. Rg3 Kf6 41. Rdg1 e4 1-0